Formel 1-Fahrer mit Pole-Position - Statistiken

Allgemein
  • Dieses Quiz wurde 1.109 mal gespielt
    844 seit der letzten Aktualisierung
  • Das Durchschnittsergebnis liegt bei 35 aus 90
Antwortstatistiken
Nation Poles Fahrer % Korrekt
Vereinigtes Königreich 100 Lewis Hamilton
100%
Deutschland 68 Michael Schumacher
99%
Deutschland 57 Sebastian Vettel
99%
Deutschland 6 Ralf Schumacher
98%
Brasilien 65 Ayrton Senna
95%
Finnland 5 Keke Rosberg
89%
Deutschland 30 Nico Rosberg
89%
Österreich 24 Niki Lauda
89%
Frankreich 33 Alain Prost
87%
Spanien 22 Fernando Alonso
87%
Finnland 18 Kimi Räikkönen
85%
Niederlande 8 Max Verstappen
82%
Finnland 26 Mika Häkkinen
82%
Monaco 9 Charles Leclerc
80%
Vereinigtes Königreich 8 Jenson Button
73%
Finnland 17 Valtteri Bottas
73%
Argentinien 29 Juan Manuel Fangio
72%
Vereinigtes Königreich 20 Damon Hill
71%
Vereinigtes Königreich 13 Graham Hill
71%
Vereinigte Staaten 6 Phil Hill
71%
Brasilien 16 Felipe Massa
68%
Brasilien 24 Nelson Piquet
65%
Australien 3 Daniel Ricciardo
64%
Vereinigtes Königreich 32 Nigel Mansell
63%
Kanada 2 Gilles Villeneuve
62%
Kanada 13 Jacques Villeneuve
62%
Brasilien 6 Emerson Fittipaldi
56%
Australien 13 Mark Webber
55%
Italien 14 Alberto Ascari
54%
Vereinigtes Königreich 17 Jackie Stewart
54%
Vereinigtes Königreich 14 James Hunt
52%
Deutschland 1 Nico Hülkenberg
51%
Brasilien 14 Rubens Barrichello
51%
Vereinigtes Königreich 33 Jim Clark
50%
Österreich 10 Jochen Rindt
50%
Kanada 1 Lance Stroll
50%
Italien 5 Giuseppe Farina
48%
Australien 13 Jack Brabham
46%
Vereinigte Staaten 18 Mario Andretti
44%
Kolumbien 13 Juan Pablo Montoya
42%
Vereinigtes Königreich 12 David Coulthard
41%
Südafrika 3 Jody Scheckter
41%
Polen 1 Robert Kubica
40%
Österreich 12 Gerhard Berger
39%
Venezuela 1 Pastor Maldonado
38%
Deutschland 2 Heinz-Harald Frentzen
37%
Belgien 13 Jacky Ickx
32%
Australien 6 Alan Jones
31%
Neuseeland 1 Denis Hulme
31%
Italien 4 Giancarlo Fisichella
31%
Italien 4 Jarno Trulli
31%
Deutschland 1 Nick Heidfeld
29%
Vereinigtes Königreich 8 John Surtees
28%
Vereinigtes Königreich 4 Mike Hawthorn
28%
Frankreich 2 Jean Alesi
26%
Vereinigtes Königreich 16 Stirling Moss
25%
Finnland 1 Heikki Kovalainen
23%
Schweden 14 Ronnie Peterson
21%
Schweiz 5 Clay Regazzoni
20%
Argentinien 6 Carlos Reutemann
19%
Deutschland 1 Wolfgang von Trips
17%
Frankreich 18 Rene Arnoux
15%
Italien 8 Riccardo Patrese
15%
Frankreich 7 Jacques Laffite
7%
Schweiz 2 Joseph Siffert
7%
Belgien 1 Thierry Boutsen
7%
Brasilien 1 Carlos Pace
5%
Frankreich 4 Didier Pironi
5%
Italien 2 Michele Alboreto
5%
Italien 3 Elio de Angelis
4%
Frankreich 6 Jean-Pierre Jabouille
4%
Schweden 1 Joakim Bonnier
4%
Vereinigtes Königreich 2 John Watson
4%
Argentinien 3 José Froilán González
4%
Frankreich 5 Patrick Tambay
4%
Italien 1 Andrea de Cesaris
3%
Neuseeland 5 Chris Amon
3%
Vereinigte Staaten 3 Dan Gurney
3%
Italien 1 Lorenzo Bandini
3%
Vereinigtes Königreich 3 Tony Brooks
3%
Frankreich 3 Jean-Pierre Jarier
2%
Frankreich 1 Patrick Depailler
2%
Italien 1 Vittorio Brambilla
2%
Italien 1 Eugenio Castellotti
1%
Vereinigte Staaten 1 Peter Revson
1%
Italien 3 Teo Fabi
1%
Vereinigtes Königreich 1 Tom Pryce
1%
Italien 1 Bruno Giacomelli
0%
Vereinigtes Königreich 1 Mike Parkes
0%
Vereinigtes Königreich 2 Stuart Lewis-Evans
0%
Keine übereinstimmenden Quizze gefunden
Verteilung der Resultate
Anzahl Personen mit jedem Resultat
Perzentil nach korrekt beantworteten Fragen
Ihre Resultats-Entwicklung
Sie haben dieses Quiz seit der letzten Aktualisierung nicht gespielt